000 00719nam a2200229 a 4500
001 BRCA_4841
005 20190320204828.0
008 851104s1965 sp-a######---#000-0#spa-#
041 _aspa
044 _asp
050 4 _aNA1301
_b.M66 1965
245 1 0 _aMonumento Nacional de Santa Cruz del Valle de los Caídos
_bguía turística.
260 _aMadrid
_bPatrimonio Nacional
_c1965
300 _a128 p.
_bil. (algunas a color), 57 láminas
_c17 cm.
440 0 _aGuías turísticas. Patrimonio nacional
_v1
_912257
500 _aCFG81
650 1 4 _aMonumentos históricos
_zEspaña
_912258
650 1 4 _aArquitectura
_zEspaña
_92007
650 1 4 _aArte y religión
_zEspaña
_912259
902 _aGFM
942 _2lcc
_cB
999 _c4535
_d4535